000 00366nam a22001457a 4500
003 OSt
005 20220114102515.0
008 220114b |||||||| |||| 00| 0 eng d
020 _a1566702194
040 _cHU
082 _a551.49015118
100 _aKresic
_927972
245 _aQuantitative Solutions In Hydrogeology & Groundwater Modeling
942 _2ddc
_cBOOKS
_n0
999 _c27008
_d27008